Statistiques concernant Culture Cinématographique - Série 01

Cliquez ici pour prendre le quiz!

Statistiques générales

  • Ce quiz a été pris 405 fois
  • Le résultat moyen est 5 sur 10

Statistiques - réponses

QuestionRéponse% Correct
Quelle actrice incarne "Vic" dans le film "La boum" réalisé en 1980 par Claude Pinoteau ?Sophie Marceau
94%
Quel acteur incarne "Le corniaud" dans le film du même nom réalisé en 1965 par Gérard Oury ?Bourvil
87%
Quel acteur incarne "L'homme de Rio" dans le film réalisé en 1964 par Philippe De Broca ?Jean Paul Belmondo
81%
Quelle actrice incarne "Garance" dans le film "Les enfants du paradis" réalisé en 1945 par Marcel Carné ?Arletty
48%
Quel acteur incarne " le député Z" dans le film "Z" réalisé en 1969 par Costa Gavras ?Yves Montand
48%
Quelle actrice incarne "Babette" dans le film "Babette s'en va en guerre" réalisé en 1959 par Christian Jaque ?Brigitte Bardot
33%
Quel acteur incarne "Le juge Larcher" dans le film "Les granges brûlées" réalisé en 1973 par Jean Chapot ?Alain Delon
31%
Quel acteur est surnommé "Pépé la reneitte" dans le film "Les enfants du marais" réalisé en 1999 par Jean Becker ?Michel Serrault
28%
Quel acteur incarne "Le monocle" dans le film "Le monocle rit jaune" réalisé en 1964 par Georges Lautner ?Paul Meurisse
19%
Quel acteur incarne un Procureur en retraite surnommé "La sentence" dans le film "Circonstances atténuantes" réalisé en 1939 par Jean Boyer ?Michel Simon
15%

Distribution des résultats

Percentile par nombre de réponses

% des personnes avec chaque résultat

Votre développement - résultats

Vous n’avez pas pris ce quiz